Statistiques concernant Départements d'Auvergne Rhône Alpes

Cliquez ici pour prendre le quiz!

Statistiques générales

  • Ce quiz a été pris 172 fois
  • Le résultat moyen est 10 sur 12

Statistiques - réponses

RégionDépartement% Correct
Rhône
93%
Haute Savoie
91%
Savoie
91%
Isère
89%
Ardeche
87%
Drome
85%
Rhône-AlpesAin
84%
Puy de Dome
82%
Cantal
76%
AuvergneAllier
75%
Loire
75%
Haute Loire
73%

Distribution des résultats

Percentile par nombre de réponses

% des personnes avec chaque résultat

Votre développement - résultats

Vous n’avez pas pris ce quiz